Историография и источниковедение падения Римской империи (Запись № 11699324)

Подробности
000 -МАРКЕР
контрольное поле 02755nam0a2200349 4500
001 - ИДЕНТИФИКАТОР ЗАПИСИ
контрольное поле RU\NLR\BIBL_A\011765511
005 - ИДЕНТИФИКАТОР ВЕРСИИ
контрольное поле 20180913154826.0
010 ## - МЕЖДУНАРОДНЫЙ СТАНДАРТНЫЙ НОМЕР КНИГИ (ISBN)
Номер (ISBN) 978-5-89971-639-3
Тираж 300
021 ## - НОМЕР ГОСУДАРСТВЕННОЙ РЕГИСТРАЦИИ
Код страны Российская Федерация
Номер КН-П-18-049854
Номер Листа государственной регистраци КН-П-18-3595
035 ## - ДРУГИЕ СИСТЕМНЫЕ НОМЕРА
Идентификатор записи (NLR Aleph) 011765511
035 ## - ДРУГИЕ СИСТЕМНЫЕ НОМЕРА
Идентификатор записи (RuMoRGB)009683216
100 ## - ДАННЫЕ ОБЩЕЙ ОБРАБОТКИ
Данные общей обработки 20180808d2018 u y0rusy50 ca
101 0# - ЯЗЫК РЕСУРСА
Язык текста, звукозаписи и т.д. русский
102 ## - СТРАНА ПУБЛИКАЦИИ ИЛИ ПРОИЗВОДСТВА
Страна публикации Российская Федерация
105 ## - ПОЛЕ КОДИРОВАННЫХ ДАННЫХ: ТЕКСТОВЫЕ МАТЕРИАЛЫ, МОНОГРАФИЧЕСКИЕ
Кодированные данные о монографическом текстовом документе y|||j|||000zy
200 1# - ЗАГЛАВИЕ И СВЕДЕНИЯ ОБ ОТВЕТСТВЕННОСТИ
Основное заглавие Историография и источниковедение падения Римской империи
Сведения, относящиеся к заглавию (по материалам В.Т. Сиротенко)
-- учебное пособие
-- [для студентов исторического факультета АГПУ, изучающих курс "Источниковедение, историография и история падения Западной Римской империи и образования суверенных государств Европы в IV-VI вв. н.э."]
Первые сведения об ответственности Министерство образования и науки Российской Федерации, Федеральное государственное бюджетное образовательное учреждение высшего образования "Армавирский государственный педагогический университет", Кафедра всеобщей и отечественной истории
Последующие сведения об ответственности [составитель: Д.А. Волошин, кандидат исторических наук, доцент]
-- под редакцией профессора, доктора исторических наук С.Л. Дударева
210 ## - ПУБЛИКАЦИЯ, РАСПРОСТРАНЕНИЕ И ДР.
Место издания, распространения и т.д. Армавир
Имя издателя, распространителя и т. д. АГПУ
Дата издания, распространения и т.д. 2018
215 ## - ФИЗИЧЕСКАЯ ХАРАКТЕРИСТИКА
Специфическое обозначение материала и объем 82 с.
Размеры 20
320 ## - ПРИМЕЧАНИЯ О НАЛИЧИИ В ДОКУМЕНТЕ БИБЛИОГРАФИИ / УКАЗАТЕЛЯ
Текст примечания Библиогр.: с. 79-82, в тексте и в подстроч. примеч.
607 ## - ГЕОГРАФИЧЕСКОЕ НАИМЕНОВАНИЕ КАК ПРЕДМЕТ
Географическое наименование Рим Древний
Тематический подзаголовок История
Хронологический подзаголовок 5 - 6 вв.
Формальный подзаголовок Источники и источниковедение
Код системы nlr_sh2
Идентификатор авторитетной/нормативной записи RU\NLR\AUTH\661564094
686 1# - ИНДЕКСЫ ДРУГИХ КЛАССИФИКАЦИЙ
Индекс Т3(0)323.4,022.31,01
702 #1 - ИМЯ ЛИЦА - ВТОРИЧНАЯ ОТВЕТСТВЕННОСТЬ
Начальный элемент ввода Волошин
Часть имени, кроме начального элемента ввода Д. А.
Расширение инициалов личного имени Дмитрий Алексеевич
Код отношения Составитель
702 #1 - ИМЯ ЛИЦА - ВТОРИЧНАЯ ОТВЕТСТВЕННОСТЬ
Начальный элемент ввода Дударев
Часть имени, кроме начального элемента ввода С. Л.
Даты 1951-
Расширение инициалов личного имени Сергей Леонидович
Код отношения Редактор
702 #1 - ИМЯ ЛИЦА - ВТОРИЧНАЯ ОТВЕТСТВЕННОСТЬ
Начальный элемент ввода Сиротенко
Часть имени, кроме начального элемента ввода В.Т.
Даты 1915-2006
Расширение инициалов личного имени Василий Трофимович
Код отношения Прочие
712 02 - НАИМЕНОВАНИЕ ОРГАНИЗАЦИИ - ВТОРИЧНАЯ ОТВЕТСТВЕННОСТЬ
Начальный элемент ввода Армавирский государственный педагогический университет
Структурное подразделение Кафедра всеобщей и отечественной истории
Идентификатор авторитетной/нормативной записи RU\NLR\AUTH\880434592
Код отношения Прочие
942 ## - ДОПОЛНИТЕЛЬНЫЕ ЭЛЕМЕНТЫ ЗАПИСИ (АБИС)
Тип экземпляра АБИС Книга
980 ## - КОЛЛЕКЦИЯ
Название коллекции НБР
980 ## - КОЛЛЕКЦИЯ
Название коллекции Национальная библиография

Нет доступных экземпляров.